| 000 | 00647nam a2200205 a 4500 | ||
|---|---|---|---|
| 005 | 20140310183534.0 | ||
| 008 | 110928s19uu xx 00 eng d | ||
| 020 | _a9780415559966 | ||
| 050 |
_aLB 1573 _b.L425 2010 |
||
| 100 | _aLeicester, Mal | ||
| 245 |
_aAdventure stories for reading. learning and literacy : _bCross-curricular resources for the primary school / _cMal Leicester and Roger Twelvetrees. |
||
| 260 |
_aLondon : _bRoutledge, _c2010. |
||
| 300 |
_a111 p. : _bill. ; _c26 cm. |
||
| 521 | _aEDU | ||
| 650 | _aReading | ||
| 650 | _aLiteracy programs | ||
| 700 | _aTwelvetrees, Roger | ||
| 942 |
_cBK _2lcc _kLOC |
||
| 999 |
_c24685 _d24685 |
||